[Event "IRI-ch U10"]
[Site "Chess.com INT"]
[Date "2021.01.16"]
[Round "8"]
[White "Dadpour, Kiarash"]
[Black "Nematolahi, Amirali"]
[Result "0-1"]
[WhiteElo "1068"]
[BlackElo "1326"]
[PlyCount "104"]
[EventDate "2021.01.16"]
[EventType "swiss"]
[EventRounds "11"]
[EventCountry "IRI"]
[SourceTitle "EXT 2022"]
[Source "ChessBase"]
[SourceDate "2021.10.06"]
[SourceVersion "1"]
[SourceVersionDate "2021.10.06"]
[SourceQuality "1"]

1. e4 e6 2. d4 d5 3. exd5 exd5 4. Bd3 Bd6 5. h3 Nc6 6. Nf3 Nb4 7. 0-0 Nxd3 8. Qxd3 Ne7 9. Be3 Bf5 10. Qb5+ Qd7 11. Qxd7+ Kxd7 12. c3 h6 13. Nbd2 Bh7 14. Nb3 Nf5 15. Rfe1 f6 16. g4 Nxe3 17. Rxe3 Rae8 18. Rae1 Rxe3 19. Rxe3 b6 20. Nc1 Bf4 21. Re1 Be4 22. Kg2 Re8 23. Ne2 Bd6 24. Neg1 g5 25. Ne2 f5 26. gxf5 h5 27. Ng3 Bxf3+ 28. Kxf3 Rxe1 29. Nxh5 Ke7 30. Kg4 Kf7 31. Kxg5 Rg1+ 32. Kh4 Be7+ 33. f6 Bxf6+ 34. Nxf6 Kxf6 35. Kh5 Rg2 36. h4 a5 37. Kh6 Rxf2 38. h5 Rxb2 39. Kh7 Rxa2 40. h6 Ra3 41. Kh8 Rxc3 42. h7 Rh3 43. Kg8 Rxh7 44. Kxh7 a4 45. Kh6 a3 46. Kh5 a2 47. Kg4 a1Q 48. Kf3 Qe1 49. Kg4 Qe3 50. Kh4 Qg1 51. Kh3 Kf5 52. Kh4 Qg4# 0-1

[Event "IRI-ch U10"]
[Site "Chess.com INT"]
[Date "2021.01.16"]
[Round "5"]
[White "Nematolahi, Amirali"]
[Black "Kian Sirat, Yasin"]
[Result "1-0"]
[WhiteElo "1326"]
[BlackElo "1160"]
[PlyCount "65"]
[EventDate "2021.01.16"]
[EventType "swiss"]
[EventRounds "11"]
[EventCountry "IRI"]
[SourceTitle "EXT 2022"]
[Source "ChessBase"]
[SourceDate "2021.10.06"]
[SourceVersion "1"]
[SourceVersionDate "2021.10.06"]
[SourceQuality "1"]

1. e4 e5 2. d4 exd4 3. c3 d5 4. exd5 Qxd5 5. cxd4 Nf6 6. Nf3 Bg4 7. Be2 Bb4+ 8. Nc3 Ne4 9. 0-0 Bxc3 10. bxc3 0-0 11. c4 Qd7 12. Bb2 c6 13. d5 Qd8 14. Qd4 Nf6 15. d6 Nbd7 16. c5 Re8 17. Rfe1 Qa5 18. Rac1 Bxf3 19. gxf3 Qxa2 20. Bc4 Qa5 21. Bc3 Rxe1+ 22. Rxe1 Qxc5 23. Qd3 Qg5+ 24. Kh1 Nc5 25. Bxf6 Qxf6 26. d7 Rf8 27. Qd1 Qd8 28. Qd6 b6 29. Re7 h6 30. Bxf7+ Kh8 31. Re8 Qxd7 32. Qxf8+ Kh7 33. Qh8# 1-0

[Event "IRI-ch U10"]
[Site "Chess.com INT"]
[Date "2021.01.16"]
[Round "3"]
[White "Nematolahi, Amirali"]
[Black "Zamani Nezhad, Ahora"]
[Result "1-0"]
[WhiteElo "1326"]
[BlackElo "1053"]
[PlyCount "47"]
[EventDate "2021.01.16"]
[EventType "swiss"]
[EventRounds "11"]
[EventCountry "IRI"]
[SourceTitle "EXT 2022"]
[Source "ChessBase"]
[SourceDate "2021.10.06"]
[SourceVersion "1"]
[SourceVersionDate "2021.10.06"]
[SourceQuality "1"]

1. e4 e6 2. d4 d5 3. e5 c5 4. c3 Nc6 5. Nf3 c4 6. b3 b5 7. a4 Ba6 8. axb5 Bxb5 9. bxc4 dxc4 10. Nbd2 Qd5 11. Be2 Be7 12. 0-0 Nh6 13. Ne1 Nf5 14. Bf3 Qd7 15. Ne4 0-0 16. Bg5 Bxg5 17. Nxg5 h6 18. Ne4 Qe7 19. Bg4 a6 20. Bxf5 exf5 21. Nd6 f6 22. Nxf5 Qe6 23. Qg4 fxe5 24. Qxg7# 1-0